| 000 | 00368nam a2200157Ia 4500 | ||
|---|---|---|---|
| 008 | 230524s9999 xx 000 0 und d | ||
| 082 |
_a621.3821 _bBAB |
||
| 100 | _aK.Hari Babu | ||
| 245 | 0 | _aPower Electronics | |
| 250 | _a2ND | ||
| 260 |
_aNEW DELHI _bScitech _c2004 |
||
| 300 | _aXVI;570 | ||
| 500 | _aQuantity Number: 11 | ||
| 650 | _aElectrical | ||
| 942 | _cBK | ||
| 999 |
_c20290 _d20290 |
||